[Event "Scarborough CC-ch Reserves U1700"]
[Site "Toronto"]
[Date "2011.03.24"]
[Round "5"]
[White "Roy, Harrison"]
[Black "Palakkal, Anirudh"]
[Result "1-0"]
[WhiteElo "927"]
[BlackElo "882"]
[PlyCount "91"]
[EventDate "2011.02.24"]
[EventType "swiss"]
[EventRounds "9"]
[EventCountry "CAN"]
[SourceTitle "EXT 2022"]
[Source "ChessBase"]
[SourceDate "2021.10.06"]
[SourceVersion "1"]
[SourceVersionDate "2021.10.06"]
[SourceQuality "1"]

1. e4 e5 2. Nf3 Nc6 3. Bb5 a6 4. Bxc6 bxc6 5. 0-0 d6 6. Nc3 Nf6 7. d3 d5 8. Bg5 dxe4 9. dxe4 Be7 10. Nxe5 0-0 11. Bxf6 Bxf6 12. Nxc6 Qd7 13. Qxd7 Bxd7 14. Nb4 a5 15. Nd3 Rab8 16. Rfe1 Bxc3 17. bxc3 Rfe8 18. Nc5 Bc8 19. Rab1 Ra8 20. Nb7 Re6 21. Nc5 Rg6 22. Rbd1 Bh3 23. Re3 Bxg2 24. Rg3 Rxg3 25. fxg3 Bf3 26. Rd2 Re8 27. Kf2 Bh5 28. e5 g6 29. Nd7 Re7 30. Nf6+ Kg7 31. Nxh5+ gxh5 32. Re2 Re6 33. c4 Kg6 34. Kf3 Rf6+ 35. exf6 Kxf6 36. g4 hxg4+ 37. Kxg4 Kg6 38. Re7 c6 39. Rc7 Kg7 40. Rxc6 Kg8 41. Rd6 Kh8 42. c5 Kg8 43. c6 f6 44. Rd7 Kf8 45. c7 Ke8 46. c8Q# 1-0

[Event "Scarborough CC-ch Reserves U1700"]
[Site "Toronto"]
[Date "2011.03.17"]
[Round "4"]
[White "Maurer, Hans"]
[Black "Palakkal, Anirudh"]
[Result "1-0"]
[WhiteElo "1216"]
[BlackElo "882"]
[PlyCount "23"]
[EventDate "2011.02.24"]
[EventType "swiss"]
[EventRounds "9"]
[EventCountry "CAN"]
[SourceTitle "EXT 2022"]
[Source "ChessBase"]
[SourceDate "2021.10.06"]
[SourceVersion "1"]
[SourceVersionDate "2021.10.06"]
[SourceQuality "1"]

1. e4 e5 2. Nf3 d6 3. h3 f6 4. Bc4 c5 5. Nc3 Nc6 6. Nh4 g6 7. d3 Bd7 8. Be3 a6 9. Qf3 b5 10. Bd5 Nge7 11. Qxf6 Rg8 12. Qf7# 1-0

[Event "Scarborough CC-ch Reserves U1700"]
[Site "Toronto"]
[Date "2011.02.24"]
[Round "1"]
[White "Dattani, Dinesh"]
[Black "Palakkal, Anirudh"]
[Result "1-0"]
[WhiteElo "1420"]
[BlackElo "850"]
[PlyCount "33"]
[EventDate "2011.02.24"]
[EventType "swiss"]
[EventRounds "9"]
[EventCountry "CAN"]
[SourceTitle "EXT 2022"]
[Source "ChessBase"]
[SourceDate "2021.10.06"]
[SourceVersion "1"]
[SourceVersionDate "2021.10.06"]
[SourceQuality "1"]

1. e4 e5 2. d4 d6 3. dxe5 dxe5 4. Qxd8+ Kxd8 5. Nc3 Nd7 6. Bd2 Bb4 7. 0-0-0 Bxc3 8. Bxc3 f6 9. Nf3 Ke8 10. Bc4 Nc5 11. Nd2 Be6 12. Rhe1 g6 13. Bxe6 Nxe6 14. Nc4 Nc5 15. g3 b5 16. Na5 Rb8 17. b4 1-0